000 00359 a2200157 4500
001 75021
020 _a8599993186
040 _cAnchieta - Colégio São Paulo
100 _aChaves, Marlu
240 1 0 _aOs africanos e a dança
_lpor
245 1 0 _aOs africanos e a dança
300 _a[12]
362 0 _a2006
650 4 _aLiteratura infantil
942 _cBK
999 _c75021
_d75021